Inazuma Eleven : Devine le truc - Statistiques

Statistiques générales
  • Ce quiz a été pris 1 956 fois
  • Le résultat moyen est 39 sur 100
Statistiques - réponses
Hint Réponse % Correct
1 utilise la Main Céleste Mark
99%
3 marque le premier but de Raimon contre 4 Axel
97%
2 s'enfuit et jette son maillot devant 3 Willy
93%
5 est le capitaine de 4 Jude
89%
7 est le commandant de 4 Ray Dark
84%
6 a un bandeau a l'oeil et joue pour 4 Samford
77%
11 faisait de l'athlétisme avec 12 et a rejoins Raimon Nathan
76%
13 était jaloux de 3 jusqu'à ce qu'il maitrise sa supertechnique de tir Kevin
73%
9 a eu un accident et rejoins 10 au Japon Erik
72%
4 est dirigé par un "commandant" Royal Académie
72%
8 est l'équipe la plus forte dirigé par 7 Zeus
71%
18 est le tournoi que rêve de gagner 1 Football Frontier
68%
16 est la petite soeur de 5 Celia
64%
14 est la supertechnique combiné de 3 et 13 Tornade du Dragon
64%
15 joue avec un bonnet de nuit Max
56%
28 jouais avec 27 et 9 en Amérique Bobby
52%
30 est le meilleur joueur de 8 Byron
50%
26 est la technique combiné de 25 Triangle Z
50%
17 commente tous les matchs de Raimon Chester Horse Jr
49%
33 est l'académie qui détruira le collège Raimon après la victoire de ce dernier au 18 Alius
47%
35 est le capitaine de 34 Janus
47%
36 est la forme humaine de 35 Jordan
47%
31 est la supertechnique de tir de 30 Savoir Supreme
47%
38 est le capitaine de 37 Dvalin
46%
44 était en vacances a 43 qui croisera Raimon et finira par jouer avec eux Hurley
46%
25 sont les anciens coéquipiers de 3 (Nom de Famille) Murdock
45%
39 est celui que 38 voulait tester Shawn
45%
34 est l'équipe qui battront Raimon pour la première fois Tempête des Gémeaux
45%
29 est la technique combiné de 1, 9 et 28, stoppé par 27 Tri-Pégase
45%
19 est le premier match de Raimon dans la phase de qualification de 18 Wild
45%
37 est l'équipe de seconde division de 33 Epsilon
44%
57 est le nom de l'équipe choisi pour représenter le Japon Inazuma Japon
44%
54 est le fils adoptif de 52, et capitaine de 53 Xavier
44%
40 est le frère de 39 Aiden
43%
41 est la première technique défensive de 39 Patinoire
43%
24 est la technique qui a permis a 1, 3 et 5 de surpasser 23 Éclair Pulvérisant
42%
56 est le tournoi mondial qui déterminera l'équipe la plus forte du monde Football Frontier International
42%
42 est la technique combiné de 39 et 3 Feu Glacé
41%
53 est l'équipe la plus forte de 33 Genesis
41%
27 joue avec 25 et est un ancien ami de 9 Malcolm
41%
32 est la technique qui cèlera la défaite de 8 et est l'évolution de 29 Phénix
41%
22 n'a encaissé aucun but dans le tournoi jusqu'à affronter Raimon Terria
41%
23 est la technique qui a permis a 22 de n'encaissé aucun but Muraille Infinie
40%
20 est le premier match de Raimon dans le tournoi 18 Shuriken
40%
10 est la première manager de Raimon Sylvia
40%
43 est l'ile ou 3 se faisait surnommé "L'attaquant de Feu" Okinawa
36%
55 est l'équipe composée d'ancien membre de Raimon Empereurs Noirs
34%
46 est le stratège de 45 Cadence
33%
79 est l'entraineur légendaire de Raimon et 78 David Evans
33%
73 est le capitaine provisoire de 72 Paolo
33%
77 est la fille de 58 Camellia
32%
75 est l'adversaire de 1 lors d'un duel suite a cette réception Edgar
32%
76 est la technique de tir la plus forte de 75 Excalibur
32%
47 est la technique défensive combiné de 44, 100 et 101 Tour Parfaite
32%
60 est la première équipe que 57 va affronter dans 56 Big Waves
31%
71 a retrouvé 1 dès son arrivée sur 70 Nelly
31%
100 était remplaçant au Cloître Sacrée Scotty
31%
51 est l'entraineur de Raimon, choisi pour affronter 33 Aquilina
29%
99 est encore en poussin et joue avec 57 Austin
29%
65 est l'équipe finaliste de la phase de qualification Océano-Asiatique Dragons de Feu
29%
12 fait de l'athlétisme (le bolosse de l'athlétisme) Miles
29%
72 est la première équipe que 57 a vu en visitant 70 Orphée
29%
50 est l'équipe féminine de 49 Triple C
29%
82 est la technique combiné de 3, 54 et 99 Feu-Tout-Puissant
28%
63 est l'équipe qui 57 affrontera en demi-finale de la phase de qualification Océano-Asiatique Lions du Désert
28%
78 est l'équipe pour qui travaillait 71 Little Gigantes
28%
61 est la technique qui vaincra le poing de la justice de 1 Mégalodon
28%
81 est la technique défensive ultime de 80 Mur de Fer
28%
87 est le vrai capitaine de 72 Nakata
27%
52 est le père de 51, et chef de 33 Astram Schiller
26%
90 est le pays que représente 89 Brésil
26%
64 est le poing fort de 63 Endurance
26%
74 est l'équipe qui ont invité 57 a une réception Knights of Queen
26%
83 est l'équipe pour qui joue 9 et 28 au 56 Licornes
26%
88 est la place d'Inazuma Japon à la fin de la phase de groupe de 56 2ème
25%
95 est le gardien de 78 Hector
25%
70 est l'ile où se déroule la phase finale de 56 Liocott
25%
49 est la ville où Raimon et 48 se sont rencontré Osaka
25%
58 est l'entraineur de 57 Percy
25%
68 est la technique combiné de 33, 66 et 67 Tir Chaotique
25%
92 est la technique de tir de l'attaquant de 89 Tir Samba
24%
91 est le chef de 7 Zoolan
24%
80 est le nom de la sélection argentine Empereurs
23%
45 est le collège de 44 Mary Times Memorial
23%
97 est la technique de tir combiné entre 1, 3 et 99 Ouragan Inazuma
23%
101 est la fille du Premier Ministre Tory
23%
66 et 67 faisaient partis de 33, et ont rejoint 30 chez 65 Claude
22%
96 est la technique que 95 crée pendant la finale contre 57 Main de l'Âme
22%
69 est le stratège de 65 Changsu Choi
20%
59 est le surnom de 58 L'entraineur maudit
20%
85 est la raison pour laquelle 9 sort du terrain avant la fin du match contre 57 Maladie
19%
89 est l'équipe dirigée par le chef de 7 Rois du Football
19%
48 est amoureuse de 9 Sou
19%
86 est la technique du gardien de 72 Garde du Colisée
18%
98 est le nom de la technique de l'attaquant des Little Gigantes Double Mâchoire
17%
21 est l'attaquant vedette de 20 Quicksilver
17%
62 est la supertactique de 60 Bloc Défensif
16%
94 est la supertactique de 89 Vague Amazonienne
16%
93 est la technique du gardien de 89 Arrêt Capoeira
15%
84 est la supertactique de 83 Roulement de Tonnerre
13%
Aucun quiz correspondant
Distribution des résultats
% des personnes avec chaque résultat
Percentile par nombre de réponses
Votre historique - résultats
Vous n’avez pas pris ce quiz